000
00242nam a2200109Ia 4500
008
240625s9999 xx 000 0 und d
041
_a
eng
100
_a
TRAIN2SUCCESS
245
_a
ORACLE 8I FORMS LEVEL 3
260
_c
2007
365
_c
RS
_b
20
999
_c
33791
_d
33791